=LDR 00000nam 2200000 4500 =001 INLIS000000000040189 =005 20200918021855 =035 ##$$a 0010-061300000040189 =008 200918###########################0#ind## =041 ##$$a ind =082 ##$$a 338.6 =100 ##$$a damsar =245 1#$$a sosiologi ekonomi, damsar =260 ##$$a rajagrafindo persada :$b jakarta =300 ##$$a 194 hlm =850 ##$$a NBPNMAT =990 ##$$a 0001/BPAP-NTB/2015